LEADER 01396nam0-2200469---450 001 990009642700403321 005 20191114114455.0 010 $a978-88-08-28238-5 035 $a000964270 035 $aFED01000964270 035 $a(Aleph)000964270FED01 035 $a000964270 100 $a20121106d2012----km-y0itaa50------ba 101 0 $aita 102 $aIT 105 $aa---a---001yy 200 1 $aMatematica per le scienze della vita$fDario Benedetto, Mirko Degli Esposti, Carlotta Maffei 205 $a2. ed. 210 $aMilano$cCea$d©2012 215 $a547 p.$cill. (col.)$d27 cm 610 0 $aAnalisi matematica$aEsercizi 676 $a515$v21$zita 676 $a570.151$v22$zita 700 1$aBenedetto,$bDario$0315961 701 1$aDegli Esposti,$bMirko$067821 701 1$aMaffei,$bCarlotta$0432433 801 0$aIT$bUNINA$gRICA$2UNIMARC 901 $aBK 912 $a990009642700403321 952 $a515-BEN-3$b7422$fSC1 952 $a515-BEN-3A$b7423$fSC1 952 $a515-BEN-3B$b7424$fSC1 952 $a515-BEN-3C$b7828$fSC1 952 $a515-BEN-3D$b7829$fSC1 952 $a125-D-16$bingr. 156 /2015$fMA1 952 $a60 570.151 BEND 2012$b097/2015$fFAGBC 952 $a60 570.151 BEND 2012 BIS$b096/2015$fFAGBC 959 $aSC1 959 $aFAGBC 959 $aMA1 996 $aMatematica per le scienze della vita$995492 997 $aUNINA LEADER 01916nam 2200253la 450 001 9910482489703321 005 20221102161607.0 035 $a(UK-CbPIL)2090367745 035 $a(CKB)5500000000092276 035 $a(EXLCZ)995500000000092276 100 $a20221102d1541 uy | 101 0 $alat 135 $aurcn||||a|bb| 200 10$aInstrvmentvm sinvvm, sev primi mobilis, nvper a? Petro Apiano inventvm, nvnc avtem ab eodem diligenter recognitum et locupletatum. Cujus tractatione, cum ... sinuum usus clarissime deprehenditur, tum vero quicquid earundem [sic] sinuum auxilio in rebus astronomicis rationcinando indagari potest, facilime as celerrime conficitur. Adiectus est, et quadrans uniuersalis seu generalis, noua facie, in eundem usum fabrefactus cujus usu, quicquid ex tabulis sinuum computando elici poterat, sine negotio, sineque numerorum molestiore tractatione facilime perspicitur / [Peter Apian] 210 $aNuremberg $cJohannes Petri, 1441-1511$d1541 215 $aOnline resource ([44] l. (last blank) incl. tables, diagrs : t.p. in red & black with woodcuts, diagrs , (fol.)) 300 $aReproduction of original in The Wellcome Library, London. 700 $aApian$b Peter$f1495-1552.$0330003 801 0$bUk-CbPIL 801 1$bUk-CbPIL 906 $aBOOK 912 $a9910482489703321 996 $aInstrvmentvm sinvvm, sev primi mobilis, nvper à Petro Apiano inventvm, nvnc avtem ab eodem diligenter recognitum et locupletatum. Cujus tractatione, cum ... sinuum usus clarissime deprehenditur, tum vero quicquid earundem sinuum auxilio in rebus astronomicis rationcinando indagari potest, facilime as celerrime conficitur. Adiectus est, et quadrans uniuersalis seu generalis, noua facie, in eundem usum fabrefactus cujus usu, quicquid ex tabulis sinuum computando elici poterat, sine negotio, sineque numerorum molestiore tractatione facilime perspicitur$91932495 997 $aUNINA